Uplatnenie etických princípov v poisťovacej činnosti konkrétnej poisťovne diplomová práca

Salvato in:
Dettagli Bibliografici
Autore principale: Mišťúriková, Eva
Ente Autore: Fakulta hospodárskej informatiky EU. Katedra účtovníctva a audítorstva
Altri autori: Meluchová, Jitka, 1965-
Natura: Libro
Lingua:slovacco
Pubblicazione: Bratislava 2014
Tags: Aggiungi Tag
Nessun Tag, puoi essere il primo ad aggiungerne!!

MARC

LEADER 00000nbm a2200000 4500
001 0188629
005 20170201104951.5
041 0 |a slo 
044 |a SK 
245 1 0 |a Uplatnenie etických princípov v poisťovacej činnosti konkrétnej poisťovne  |b diplomová práca  |c Eva Mišťúriková ; školiteľ: Jitka Meluchová 
264 1 |a Bratislava  |c 2014 
300 |a 66 s. 
100 1 |a Mišťúriková, Eva 
700 1 |a Meluchová, Jitka, 1965- 
710 2 |a Fakulta hospodárskej informatiky EU. Katedra účtovníctva a audítorstva